| 000 | 00369pam a2200145a 44500 | ||
|---|---|---|---|
| 008 | 230405s xxu||||| |||| 00| 0 eng d | ||
| 041 | _aENG | ||
| 100 | _aBECKETT / STENLAKE | ||
| 245 | _aPRACTICAL PHARMACEUTICAL CHEMISTRY I | ||
| 250 | _a4 2005 | ||
| 260 |
_aNEW DELHI _bCBS PUBLISHERS DELHI _c |
||
| 300 | _a326 | ||
| 650 | _aPHARMACEUTICAL CHEMISTRY | ||
| 906 | _a1391 | ||
| 999 |
_c266830 _d266830 |
||